[Event "Muensterland Verbandsklasse Gr2 2223"]
[Site "Germany"]
[Date "2022.11.19"]
[Round "3.5"]
[White "Schlueter, Gerhard"]
[Black "Holtmannspoetter, Thomas"]
[Result "1-0"]
[WhiteElo "1624"]
[BlackElo "1704"]
[PlyCount "79"]
[EventDate "2022.09.17"]
[EventType "team-tourn"]
[EventRounds "5"]
[EventCountry "GER"]
[SourceTitle "EXT 2024"]
[Source "ChessBase"]
[SourceDate "2023.10.10"]
[SourceVersion "1"]
[SourceVersionDate "2023.10.10"]
[SourceQuality "1"]
[WhiteTeam "Gronau II"]
[BlackTeam "Ochtrup"]
[WhiteTeamCountry "GER"]
[BlackTeamCountry "GER"]

1. e4 c5 2. Nf3 e6 3. d4 cxd4 4. Nxd4 Nf6 5. Nc3 Bb4 6. Bd3 Nc6 7. Nxc6 dxc6 8. 0-0 e5 9. h3 Be6 10. Be3 0-0 11. a3 Bxc3 12. bxc3 Qa5 13. c4 Rad8 14. Qe2 Nd7 15. Rfb1 b6 16. Bd2 Qa4 17. Rb4 Qa6 18. c5 b5 19. Be3 Qc8 20. a4 a5 21. Rb2 b4 22. Bc4 Nf6 23. Bg5 Rd4 24. Bd3 Qc7 25. Be3 Rd7 26. Rd1 h6 27. Qf3 Rb8 28. Bxh6 Nxe4 29. Qxe4 f5 30. Qh4 gxh6 31. Qxh6 Re8 32. Rbb1 Rg7 33. Bf1 e4 34. Rd6 Bf7 35. Rbd1 Qe7 36. Qf6 Qxf6 37. Rxf6 Be6 38. Rd6 Bc8 39. Bc4+ Kh7 40. Rh6# 1-0

[Event "Muensterland Verbandsklasse 1920"]
[Site "Germany"]
[Date "2019.12.07"]
[Round "4.7"]
[White "Overmeyer, Juergen"]
[Black "Schlueter, Gerhard"]
[Result "1/2-1/2"]
[WhiteElo "1517"]
[BlackElo "1655"]
[PlyCount "50"]
[EventDate "2019.09.14"]
[EventType "team-tourn"]
[EventRounds "7"]
[EventCountry "GER"]
[SourceTitle "EXT 2023"]
[Source "ChessBase"]
[SourceDate "2022.10.05"]
[SourceVersion "1"]
[SourceVersionDate "2022.10.05"]
[SourceQuality "1"]
[WhiteTeam "Emsdetten Rochade III"]
[BlackTeam "Gronau II"]
[WhiteTeamCountry "GER"]
[BlackTeamCountry "GER"]

1. e4 e5 2. f4 Bc5 3. Nf3 d6 4. c3 Nf6 5. d4 exd4 6. cxd4 Bb6 7. Nc3 Bg4 8. Be2 Nc6 9. e5 dxe5 10. dxe5 Ng8 11. Qxd8+ Rxd8 12. Bd2 Nge7 13. 0-0-0 0-0 14. h3 Bc8 15. g4 Nb4 16. Rhf1 Nd3+ 17. Kc2 Nf2 18. Ng5 Nxd1 19. Bxd1 Nd5 20. Bf3 Ne3+ 21. Bxe3 Bxe3 22. Nd5 Bb6 23. Ne7+ Kh8 24. Bd5 Rxd5 25. Nxd5 h6 1/2-1/2

[Event "Muensterland Verbandsklasse 1819"]
[Site "Germany"]
[Date "2018.09.15"]
[Round "1.8"]
[White "Schmiemann, Karlheinz"]
[Black "Schlueter, Gerhard"]
[Result "1/2-1/2"]
[WhiteElo "1348"]
[BlackElo "1658"]
[PlyCount "62"]
[EventDate "2018.09.15"]
[EventType "team-tourn"]
[EventRounds "9"]
[EventCountry "GER"]
[SourceTitle "EXT 2020"]
[Source "ChessBase"]
[SourceDate "2019.10.17"]
[SourceVersion "1"]
[SourceVersionDate "2019.10.17"]
[SourceQuality "1"]
[WhiteTeam "Rheine Klein Berlin II"]
[BlackTeam "Gronau II"]
[WhiteTeamCountry "GER"]
[BlackTeamCountry "GER"]

1. e4 e5 2. Nf3 Nc6 3. Bc4 Be7 4. d3 Nf6 5. Nc3 0-0 6. 0-0 d6 7. h3 Na5 8. Bb3 h6 9. Bd2 Nxb3 10. axb3 Nh7 11. Nd5 f5 12. Nxe7+ Qxe7 13. exf5 Bxf5 14. Nh2 Ng5 15. Qh5 Ne6 16. Ng4 Bxg4 17. Qxg4 Kh8 18. Be3 a6 19. Ra4 Rf6 20. Qe4 c6 21. Qg4 Raf8 22. Qg3 Nf4 23. Bxf4 Rxf4 24. Qe3 c5 25. Rxf4 Rxf4 26. g3 Rf7 27. Qe4 Qe6 28. Kg2 d5 29. Qh4 g5 30. Qh5 Kg7 31. Qg4 Qxg4 1/2-1/2

[Event "Muensterland Verbandsklasse-A 0809"]
[Site "Germany"]
[Date "2009.03.28"]
[Round "8.5"]
[White "Schlueter, Gerhard"]
[Black "Hanewinkel, Martin"]
[Result "1/2-1/2"]
[WhiteElo "1711"]
[BlackElo "1785"]
[PlyCount "39"]
[EventDate "2008.09.13"]
[EventType "tourn"]
[EventRounds "9"]
[EventCountry "GER"]
[SourceTitle "EXT 2010"]
[Source "ChessBase"]
[SourceDate "2010.11.25"]
[SourceVersion "1"]
[SourceVersionDate "2010.11.25"]
[SourceQuality "1"]
[WhiteTeam "Gronau II"]
[BlackTeam "Beelen"]
[WhiteTeamCountry "GER"]
[BlackTeamCountry "GER"]

1. e4 c5 2. Nf3 e6 3. d4 cxd4 4. Nxd4 a6 5. Be2 Nf6 6. Nc3 Qc7 7. a3 Nc6 8. Nb3 b5 9. Bg5 Be7 10. 0-0 Ng4 11. Bxg4 Bxg5 12. Ne2 h5 13. Bh3 Bf6 14. c3 g5 15. g3 g4 16. Bg2 Qb6 17. Ned4 Bb7 18. Nxc6 Bxc6 19. Qd6 Be7 20. Qd4 1/2-1/2

[Event "Muensterland Verbandsklasse-A 0809"]
[Site "Germany"]
[Date "2008.10.11"]
[Round "2.4"]
[White "Schlueter, Gerhard"]
[Black "Junker, Axel"]
[Result "0-1"]
[WhiteElo "1711"]
[BlackElo "1799"]
[PlyCount "32"]
[EventDate "2008.09.13"]
[EventType "tourn"]
[EventRounds "9"]
[EventCountry "GER"]
[SourceTitle "EXT 2010"]
[Source "ChessBase"]
[SourceDate "2010.11.25"]
[SourceVersion "1"]
[SourceVersionDate "2010.11.25"]
[SourceQuality "1"]
[WhiteTeam "Gronau II"]
[BlackTeam "Telgte"]
[WhiteTeamCountry "GER"]
[BlackTeamCountry "GER"]

1. e4 d6 2. d4 g6 3. Bc4 Bg7 4. Ne2 Nf6 5. Nbc3 Nbd7 6. 0-0 e5 7. d5 0-0 8. f3 Ne8 9. Be3 f5 10. exf5 gxf5 11. f4 Kh8 12. Ng3 Ndf6 13. fxe5 Ng4 14. Bf2 Qh4 15. h3 Nxf2 16. Kxf2 Bxe5 0-1

[Event "Muensterland Verbandsklasse-A 0708"]
[Site "Germany"]
[Date "2008.03.08"]
[Round "7.8"]
[White "Jacob, Barbara"]
[Black "Schlueter, Gerhard"]
[Result "1-0"]
[WhiteElo "1634"]
[BlackElo "1745"]
[PlyCount "89"]
[EventDate "2007.09.22"]
[EventType "team-tourn"]
[EventRounds "9"]
[EventCountry "GER"]
[SourceTitle "EXT 2009"]
[Source "ChessBase"]
[SourceDate "2008.11.26"]
[SourceVersion "1"]
[SourceVersionDate "2008.11.26"]
[SourceQuality "1"]
[WhiteTeam "Ochtrup"]
[BlackTeam "Gronau"]
[WhiteTeamCountry "GER"]
[BlackTeamCountry "GER"]

1. e4 e5 2. Bc4 Nc6 3. Nf3 Be7 4. Nc3 Nf6 5. d3 d6 6. h3 0-0 7. Be3 Na5 8. Bb3 Nxb3 9. axb3 Bd7 10. 0-0 h6 11. Qd2 Nh7 12. Nd5 f5 13. exf5 Bxf5 14. Nh2 Be6 15. Nxe7+ Qxe7 16. Qb4 c5 17. Qe1 a6 18. f4 Bd7 19. Bd2 Rae8 20. Qg3 Rf6 21. fxe5 dxe5 22. Ng4 Bxg4 23. Qxg4 Qe6 24. Qxe6+ Rfxe6 25. Ra5 e4 26. dxe4 Rxe4 27. Rxc5 Re2 28. Rf2 R2e6 29. Rc7 R6e7 30. Rxe7 Rxe7 31. Kf1 Rc7 32. Bc3 Ng5 33. Re2 Kf7 34. Re3 g6 35. Ke2 b5 36. Kd3 Rd7+ 37. Ke2 Rc7 38. h4 Nh7 39. Rf3+ Ke6 40. Kd2 Rd7+ 41. Rd3 Rc7 42. Bb4 Rc6 43. Re3+ Kf5 44. Be7 Kg4 45. Rf3 1-0

[Event "Muensterland Verbandsliga 0607"]
[Site "Germany"]
[Date "2006.12.16"]
[Round "4.7"]
[White "Schlueter, Gerhard"]
[Black "Robeling, Stephan"]
[Result "1/2-1/2"]
[WhiteElo "1723"]
[BlackElo "1885"]
[PlyCount "69"]
[EventDate "2006.09.16"]
[EventType "team-tourn"]
[EventRounds "9"]
[EventCountry "GER"]
[SourceTitle "EXT 2008"]
[Source "ChessBase"]
[SourceDate "2007.11.25"]
[SourceVersion "1"]
[SourceVersionDate "2007.11.25"]
[SourceQuality "1"]
[WhiteTeam "Gronau"]
[BlackTeam "Bocholt"]
[WhiteTeamCountry "GER"]
[BlackTeamCountry "GER"]

1. e4 e6 2. d4 d5 3. exd5 exd5 4. Bd3 c5 5. c3 Nc6 6. Be3 cxd4 7. cxd4 Qb6 8. Qd2 Nf6 9. Nc3 Bd6 10. Nge2 Nb4 11. Bb5+ Nc6 12. Bd3 Bd7 13. 0-0 0-0 14. h3 Rac8 15. Rac1 Na5 16. Bg5 Bb4 17. Qf4 Rc6 18. Na4 Qd8 19. Rxc6 Bxc6 20. Bxf6 Qxf6 21. Qxf6 gxf6 22. Nac3 Nc4 23. Bxc4 dxc4 24. d5 Bd7 25. Rd1 Rd8 26. Ng3 f5 27. Rd4 b5 28. Nh5 a6 29. Rf4 Bd6 30. Rf3 Be5 31. Ng3 b4 32. Nd1 Bc8 33. Nxf5 Bxf5 34. Rxf5 Bg7 35. Ne3 1/2-1/2